Novelas y cuentos / (Registro nro. 3554)
[ vista simple ]
| 000 -LEADER | |
|---|---|
| fixed length control field | 00605nam a22002057a 4500 |
| 003 - CONTROL NUMBER IDENTIFIER | |
| control field | DO-SdBJH |
| 005 - DATE AND TIME OF LATEST TRANSACTION | |
| control field | 20180531151211.0 |
| 008 - FIXED-LENGTH DATA ELEMENTS--GENERAL INFORMATION | |
| fixed length control field | 180510b ||||| |||| 00| 0 spa d |
| 040 ## - CATALOGING SOURCE | |
| Original cataloging agency | DO-SdBJH |
| Language of cataloging | spa |
| Transcribing agency | DO-SdBJH |
| 082 ## - DEWEY DECIMAL CLASSIFICATION NUMBER | |
| Classification number | RD863.44 V864n |
| 100 ## - MAIN ENTRY--PERSONAL NAME | |
| Personal name | Vizardi, Ligio |
| 245 ## - TITLE STATEMENT | |
| Title | Novelas y cuentos / |
| Statement of responsibility, etc. | Ligio Vizardi |
| 260 ## - PUBLICATION, DISTRIBUTION, ETC. (IMPRINT) | |
| Place of publication, distribution, etc. | Santo Domingo : |
| Name of publisher, distributor, etc. | Ediciones de la Fundación Corripio, |
| Date of publication, distribution, etc. | 2000 |
| 300 ## - PHYSICAL DESCRIPTION | |
| Extent | 322 páginas |
| 490 ## - SERIES STATEMENT | |
| Series statement | Biblioteca de Clásicos Dominicanos ; |
| Volume/sequential designation | 30 |
| 650 ## - SUBJECT ADDED ENTRY--TOPICAL TERM | |
| Topical term or geographic name as entry element | Novela dominicana |
| 650 ## - SUBJECT ADDED ENTRY--TOPICAL TERM | |
| Topical term or geographic name as entry element | Cuentos dominicanos |
| 700 ## - ADDED ENTRY--PERSONAL NAME | |
| Personal name | Rueda, Manuel |
| Relator term | Estudio |
| 942 ## - ADDED ENTRY ELEMENTS (KOHA) | |
| Source of classification or shelving scheme | Dewey Decimal Classification |
| Koha item type | Libros |
| Withdrawn status | Lost status | Source of classification or shelving scheme | Damaged status | Not for loan | Collection code | Home library | Current library | Shelving location | Date acquired | Inventory number | Total Checkouts | Full call number | Barcode | Date last seen | Copy number | Price effective from | Koha item type |
|---|---|---|---|---|---|---|---|---|---|---|---|---|---|---|---|---|---|
| Dewey Decimal Classification | Colección Dominicana | SIBM UNADE - Biblioteca Escuela de Graduados de Estudios Militares, ERD | SIBM UNADE - Biblioteca Escuela de Graduados de Estudios Militares, ERD | En estantería | 08/24/2022 | 22-EERD-01812 | RD 863 V864p 2000 | 22-EERD-01812 | 08/24/2022 | Ej.1 | 08/24/2022 | Libros | |||||
| Dewey Decimal Classification | Colección Dominicana | SIBM UNADE - Biblioteca Academia Naval. Vicealmirante César De Windt Lavandier, ARD | SIBM UNADE - Biblioteca Academia Naval. Vicealmirante César De Windt Lavandier, ARD | En estantería | 05/10/2018 | 18-AARD-00014 | RD 863.44 V864n | 18-AARD-00014 | 05/10/2018 | Ej.1 | 05/10/2018 | Libros | |||||
| Dewey Decimal Classification | Colección Dominicana | SIBM UNADE - Biblioteca Academia Aérea General de Brigada Piloto Frank A. Feliz Miranda, FARD | SIBM UNADE - Biblioteca Academia Aérea General de Brigada Piloto Frank A. Feliz Miranda, FARD | En estantería | 07/26/2021 | 21-AFARD-2316 | RD 863.44 V864n 2000 | 21-AFARD-2316 | 07/26/2021 | e.1 | 07/26/2021 | Libros |
